00702nam a2200241 a 4500001001300000003000900013005001700022008004100039020001100080082001800091100002500109245002900134260004800163300000900211500003500220505002400255650001200279700002500291902000800316942000700324952011400331999001500445nice12345678IN_TiNIC20260116011417.0050524s1967 lona grp 000 0 eng  ac7.6500a231.044bSTE1 aStevenson, Herbert F aTitles of the Triune God aLondonbOliphant Anderson and Ferrierc1967 a190p aincludes index and biblioraphy2 aBibliography, Index aTrinity1 aStevenson, Herbert F bSRS cBK 001040708StackRoom-aHMIbHMId2007-06-15g7.65l0o231.044 STE1p03887r2007-06-15v7.65w2005-05-24yBK c1296d1296